Statistiques concernant Les Personnages de Mario Kart Double Dash en 1 minute

Cliquez ici pour prendre le quiz!

Statistiques générales

  • Ce quiz a été pris 44 fois
  • Le résultat moyen est 15 sur 20

Statistiques - réponses

Réponse% Correct
Mario
100%
Luigi
97%
Bowser
95%
Peach
95%
Wario
89%
Daisy
86%
Toad
86%
Yoshi
86%
Waluigi
84%
Donkey Kong
81%
Bébé Luigi
76%
Bébé Mario
76%
Diddy Kong
76%
Koopa
70%
Roi Boo
70%
Bowser Jr.
62%
Toadette
62%
Birdo
59%
Flora Piranha
49%
Paratroopa
43%

Distribution des résultats

Percentile par nombre de réponses

% des personnes avec chaque résultat

Votre développement - résultats

Vous n’avez pas pris ce quiz